NIEKTORÉ ASPEKTY VÝBERU REZNÉHO NÁSTROJA PRE OBRÁBANIE VONKAJŠEJ VALCOVEJ PLOCHY

Bibliographic Details
Main Authors: Kottfer, Daniel, 1959- (Author), Trebuňa, Peter, 1980- (Author)
Format: Article
Language:English

MARC

LEADER 00000nab a2200000uu 4500
001 vtls011157363
003 SK-MaSNL
005 20260303122521.0
008 230121|2014 xo |||||||||||||||||eng|
015 |a SNBRB 
035 |a (urnnbn)urn:nbn:sk:snk:ar-a0aeql 
035 |a (uuid)ad975612-dd7f-4896-a9b7-ba7e03871f5e 
035 |a urn:nbn:sk:snk-abb5fo 
040 |a SNKBUCL  |b slo  |c SNKBUCL  |e AACR2 
041 0 |a eng 
044 |a xo  |c SK 
100 1 |a Kottfer, Daniel,  |d 1959-  |4 aut  |9 151393 
245 1 0 |a NIEKTORÉ ASPEKTY VÝBERU REZNÉHO NÁSTROJA PRE OBRÁBANIE VONKAJŠEJ VALCOVEJ PLOCHY  |c Daniel Kottfer, Peter Trebuňa 
246 3 |a SOME ASPECTS OF THE CUTTING INSERT SELECTION FOR CUTTING OF THE INTERNAL CYLINDRICAL SURFACE 
700 1 |a Trebuňa, Peter,  |d 1980-  |4 aut  |9 223362 
773 0 |t Manažment podnikov : vedecko-odborný časopis Univerzitnej vedeckotechnickej spoločnosti, Zvolen  |g Roč. 4, č. 2 (2014), s. 143-146 
954 |a odborná, vedecká literatúra pôvodná (slovenská)  |2 lita 
958 |a OND 
958 |a EUIPO 
958 |a article14 
999 |c 1921320  |d 1923250